| 000 | 00922nmc a2200325 a 4500 | ||
|---|---|---|---|
| 003 | AR-BaBNM | ||
| 005 | 20251128203727.0 | ||
| 008 | 156119s1970 ||||||||||||||000 | spa|| | ||
| 040 | _cAR-BaBNM | ||
| 100 | 0 | _aMolière | |
| 245 | 1 | 0 |
_aEl enfermo imaginario _b; El médico a palos |
| 260 |
_aEstella _bSalvat _c1970 |
||
| 300 | 0 | _a186 p. | |
| 490 | 0 |
_aBiblioteca básica Salvat _vv. 12 |
|
| 500 | 0 | _aMolière es el seudónimo de Jean Baptiste Poquelin | |
| 650 | 4 | _aTEATRO POPULAR | |
| 650 | 4 | _aLITERATURA FRANCESA | |
| 650 | 4 | _aTEATRO FRANCES | |
| 650 | 4 | _aESCRITORES | |
| 650 | 4 | _aSIGLO DIECISIETE | |
| 650 | 4 | _aCOMEDIA | |
| 653 | 0 | _aINFLUENCIA GRECOLATINA | |
| 653 | 0 | _aTEATRO COMICO | |
| 655 | _aLITERATURA | ||
| 700 | 1 |
_aMillás Raurell, J. _etraductor |
|
| 700 | 1 |
_aFernández de Moratín, Leandro _etraductor |
|
| 700 | 1 |
_aLópez Sancho, Lorenzo _eprologuista |
|
| 942 | _cBK | ||
| 998 | _cMARTIN | ||
| 999 |
_c4664 _d4664 |
||